Visualizzazione normale
Vista MARC
- Abadía de Silos (España)
di Corporate Name
Records bibliografici associati: 3
001 - CONTROL NUMBER
- control field: 41960
003 - CONTROL NUMBER IDENTIFIER
- control field: IT-RoINE
005 - DATE AND TIME OF LATEST TRANSACTION
- control field: 20240603125106.0
008 - FIXED-LENGTH DATA ELEMENTS
- fixed length control field: 171115|| aca||aabn | a|a d
040 ## - CATALOGING SOURCE
- Original cataloging agency: IT-RoINE
- Transcribing agency: IT-RoINE
110 2# - HEADING--CORPORATE NAME
- Corporate name or jurisdiction name as entry element: Abadía de Silos (España)
- General subdivision: Historia
- General subdivision: Fuentes
670 ## - SOURCE DATA FOUND
- Source citation: Work cat.: (IT-RoINE)0: Documentación del Monasterio de Santo Domingo de Silos :, D.L. 1988.